[Event "Eschborn op"]
[Site "Eschborn"]
[Date "2017.10.15"]
[Round "4"]
[White "Dubiel, Jacek"]
[Black "Fork, Raphael"]
[Result "1-0"]
[WhiteElo "2396"]
[BlackElo "1823"]
[PlyCount "37"]
[EventDate "2017.10.13"]
[EventType "swiss"]
[EventRounds "5"]
[EventCountry "GER"]
[SourceTitle "EXT 2019"]
[Source "ChessBase"]
[SourceDate "2018.10.10"]
[SourceVersion "1"]
[SourceVersionDate "2018.10.10"]
[SourceQuality "1"]

1. e4 c5 2. Nf3 Nc6 3. d4 cxd4 4. Nxd4 g6 5. Nc3 Bg7 6. Be3 Nf6 7. f4 d6 8. Be2 0-0 9. Nb3 Be6 10. g4 Na5 11. Bd4 Nxb3 12. axb3 a6 13. g5 Ne8 14. h4 Bxd4 15. Qxd4 Qc8 16. b4 Bg4 17. Nd5 e5 18. Ne7+ Kg7 19. Nxc8 1-0

[Event "Eschborn op"]
[Site "Eschborn"]
[Date "2017.10.14"]
[Round "1"]
[White "Fork, Raphael"]
[Black "Scheerer, Michael"]
[Result "1-0"]
[WhiteElo "1823"]
[BlackElo "1631"]
[PlyCount "59"]
[EventDate "2017.10.13"]
[EventType "swiss"]
[EventRounds "5"]
[EventCountry "GER"]
[SourceTitle "EXT 2019"]
[Source "ChessBase"]
[SourceDate "2018.10.10"]
[SourceVersion "1"]
[SourceVersionDate "2018.10.10"]
[SourceQuality "1"]

1. e4 e6 2. d3 d5 3. Nd2 dxe4 4. dxe4 c5 5. Ngf3 Nc6 6. c3 Qc7 7. g3 Nge7 8. Bg2 Ng6 9. h4 Bd6 10. Nc4 Be7 11. a4 e5 12. Ne3 Be6 13. Ng5 Bxg5 14. hxg5 Rd8 15. Qe2 Nge7 16. Bh3 Bxh3 17. Rxh3 Qd7 18. Rh2 Na5 19. Qb5 Qxb5 20. axb5 Nb3 21. Rb1 0-0 22. Ng4 Nxc1 23. Rxc1 Ng6 24. Ra1 Ra8 25. Ne3 Ne7 26. Ke2 Rfd8 27. Rhh1 f6 28. gxf6 gxf6 29. Rxh7 Kf8 30. Ng4 1-0

[Event "Eschborn op 11th"]
[Site "Eschborn"]
[Date "2014.09.07"]
[Round "4"]
[White "Graf, Michael"]
[Black "Fork, Raphael"]
[Result "0-1"]
[WhiteElo "1649"]
[BlackElo "1845"]
[PlyCount "112"]
[EventDate "2014.09.05"]
[EventType "swiss"]
[EventRounds "5"]
[EventCountry "GER"]
[SourceTitle "EXT 2015"]
[Source "ChessBase"]
[SourceDate "2014.11.20"]
[SourceVersion "1"]
[SourceVersionDate "2014.11.20"]
[SourceQuality "1"]

1. d4 c5 2. c3 e6 3. e3 Nf6 4. Bd3 d5 5. Nd2 Nc6 6. f4 Rb8 7. Ngf3 b5 8. Qe2 c4 9. Bc2 b4 10. Ne5 Bd7 11. e4 bxc3 12. bxc3 Qa5 13. Qe3 Ba3 14. Nxd7 Kxd7 15. 0-0 Bxc1 16. Rfxc1 Rb2 17. f5 Rhb8 18. fxe6+ fxe6 19. e5 Ne8 20. Bxh7 Rxa2 21. Rxa2 Qxa2 22. Rb1 Rxb1+ 23. Nxb1 Ne7 24. Qg3 Qb2 25. Bg6 Qc1+ 26. Kf2 Nxg6 27. Qxg6 Qf4+ 28. Kg1 Qc1+ 29. Kf2 Ke7 30. g3 a5 31. Qh7 a4 32. Qh4+ Kd7 33. Qf4 Qxf4+ 34. gxf4 Nc7 35. Na3 Ke7 36. Kf3 Kf7 37. Kg4 g6 38. h4 Ne8 39. h5 gxh5+ 40. Kxh5 Ng7+ 41. Kg4 Kg6 42. Kf3 Kh5 43. Nc2 Kh4 44. Na3 Nf5 45. Nc2 Kh3 46. Na3 Nh4+ 47. Ke3 Kg4 48. f5 Nxf5+ 49. Kd2 Kf3 50. Nc2 Ng3 51. Ne1+ Kf2 52. Nc2 Ne4+ 53. Kc1 Nxc3 54. Kb2 Nb5 55. Ka2 Ke2 56. Kb2 Kd3 0-1

[Event "NRW Verbandsliga Group1 1314"]
[Site "Nordrheinwestfalen"]
[Date "2013.11.24"]
[Round "4.7"]
[White "Holtkamp, Matthias"]
[Black "Fork, Raphael"]
[Result "1-0"]
[WhiteElo "1920"]
[BlackElo "1865"]
[PlyCount "67"]
[EventDate "2013.09.08"]
[EventType "team-tourn"]
[EventRounds "9"]
[EventCountry "GER"]
[SourceTitle "EXT 2020"]
[Source "ChessBase"]
[SourceDate "2019.10.17"]
[SourceVersion "1"]
[SourceVersionDate "2019.10.17"]
[SourceQuality "1"]
[WhiteTeam "Gladbeck SG"]
[BlackTeam "Dortmund FS 98"]
[WhiteTeamCountry "GER"]
[BlackTeamCountry "GER"]

1. d4 Nf6 2. c4 e6 3. Nf3 Bb4+ 4. Bd2 Qe7 5. e3 0-0 6. Bd3 b6 7. Nc3 Bb7 8. Qc2 d6 9. e4 e5 10. d5 Ne8 11. 0-0-0 Nd7 12. g4 Nc5 13. Be2 Bxc3 14. Bxc3 a5 15. h4 Nf6 16. Nd2 g6 17. Rdg1 Kg7 18. f4 Nfd7 19. h5 f6 20. g5 fxg5 21. hxg6 hxg6 22. fxe5 Nxe5 23. Nf3 Rh8 24. Rxh8 Rxh8 25. Nxg5 Bc8 26. Nf3 Ncd7 27. Qd2 Rg8 28. Qf4 Qf6 29. Qg3 Rf8 30. Nh4 Qf4+ 31. Qxf4 Rxf4 32. Nxg6 Rxe4 33. Nxe5+ Kh6 34. Nf7+ 1-0

[Event "NRW Verbandsliga Group1 1314"]
[Site "Nordrheinwestfalen"]
[Date "2013.09.29"]
[Round "2.7"]
[White "Fork, Raphael"]
[Black "Petri, Norbert"]
[Result "0-1"]
[WhiteElo "1865"]
[BlackElo "1861"]
[PlyCount "92"]
[EventDate "2013.09.08"]
[EventType "team-tourn"]
[EventRounds "9"]
[EventCountry "GER"]
[SourceTitle "EXT 2020"]
[Source "ChessBase"]
[SourceDate "2019.10.17"]
[SourceVersion "1"]
[SourceVersionDate "2019.10.17"]
[SourceQuality "1"]
[WhiteTeam "Dortmund FS 98"]
[BlackTeam "Listiger Bauer Essen"]
[WhiteTeamCountry "GER"]
[BlackTeamCountry "GER"]

1. e4 d5 2. exd5 Nf6 3. Bc4 Nxd5 4. Qf3 e6 5. Nc3 c6 6. Nge2 Be7 7. 0-0 0-0 8. d4 b6 9. Nxd5 exd5 10. Bb3 Ba6 11. Re1 Re8 12. Nf4 Nd7 13. Nxd5 Bd6 14. Ne3 Qf6 15. Qxf6 Nxf6 16. g3 c5 17. dxc5 Bxc5 18. Bd2 Ne4 19. Rad1 Bb7 20. Bc1 Ng5 21. Bd5 Bxd5 22. Nxd5 Nf3+ 23. Kf1 Nxe1 24. Rxe1 Rxe1+ 25. Kxe1 Re8+ 26. Ne3 f5 27. Ke2 g6 28. Bd2 Kf7 29. Kf3 Rd8 30. Be1 Bxe3 31. Kxe3 Re8+ 32. Kd2 f4 33. Kd1 Kf6 34. Bd2 fxg3 35. hxg3 Kf5 36. f3 h5 37. Be1 Re3 38. Bf2 Rxf3 39. Ke2 Ke4 40. a4 Rf6 41. a5 Rc6 42. c3 bxa5 43. Bxa7 a4 44. Bd4 Rc7 45. Kd2 Rd7 46. Kc2 Rxd4 0-1

[Event "NRW Verbandsliga Group1 1314"]
[Site "Nordrheinwestfalen"]
[Date "2013.09.08"]
[Round "1.8"]
[White "Fork, Raphael"]
[Black "Gregoritsch, Dirk"]
[Result "1/2-1/2"]
[WhiteElo "1865"]
[BlackElo "1854"]
[PlyCount "50"]
[EventDate "2013.09.08"]
[EventType "team-tourn"]
[EventRounds "9"]
[EventCountry "GER"]
[SourceTitle "EXT 2020"]
[Source "ChessBase"]
[SourceDate "2019.10.17"]
[SourceVersion "1"]
[SourceVersionDate "2019.10.17"]
[SourceQuality "1"]
[WhiteTeam "Dortmund FS 98"]
[BlackTeam "Doppelbauer Brambauer"]
[WhiteTeamCountry "GER"]
[BlackTeamCountry "GER"]

1. Nf3 Nf6 2. g3 d5 3. Bg2 e6 4. 0-0 Be7 5. d3 0-0 6. Nbd2 c5 7. e4 Nc6 8. Re1 Re8 9. e5 Nd7 10. c3 f5 11. exf6 Bxf6 12. a4 Nf8 13. Nf1 Kh8 14. h4 h6 15. Bd2 e5 16. N3h2 Qd7 17. Qh5 Ne7 18. Bxh6 gxh6 19. Qxh6+ Nh7 20. g4 Bg7 21. Qh5 Qc6 22. Ne3 Qg6 23. Qxg6 Nxg6 24. Nxd5 Rd8 25. h5 Nh4 1/2-1/2

[Event "Ruhrgebiet Verbandsliga1 1213"]
[Site "Nordrheinwestfalen"]
[Date "2013.01.27"]
[Round "6.6"]
[White "Goralski, Christian"]
[Black "Fork, Raphael"]
[Result "1-0"]
[WhiteElo "2058"]
[BlackElo "1888"]
[PlyCount "75"]
[EventDate "2012.09.02"]
[EventType "team-tourn"]
[EventRounds "9"]
[EventCountry "GER"]
[SourceTitle "EXT 2020"]
[Source "ChessBase"]
[SourceDate "2019.10.17"]
[SourceVersion "1"]
[SourceVersionDate "2019.10.17"]
[SourceQuality "1"]
[WhiteTeam "Bochum SV II"]
[BlackTeam "Dortmund FS 98"]
[WhiteTeamCountry "GER"]
[BlackTeamCountry "GER"]

1. e4 c5 2. c3 g6 3. d4 cxd4 4. cxd4 d5 5. e5 Bg7 6. Nc3 Nh6 7. Bg5 f6 8. exf6 exf6 9. Bxh6 Bxh6 10. Qb3 Be6 11. Qxb7 Nd7 12. Bb5 0-0 13. Bxd7 Qxd7 14. Qxd7 Bxd7 15. Nge2 Rab8 16. b3 Rbc8 17. 0-0 Bg4 18. f3 Bf5 19. Nxd5 Rce8 20. Ng3 Bd3 21. Rfe1 Kf7 22. Ne4 Bxe4 23. fxe4 Rc8 24. Re2 Ke6 25. Nb4 Rc3 26. d5+ Kd6 27. Rae1 Bf4 28. Nc6 Be5 29. Kh1 a6 30. g3 h5 31. Re3 Rc2 32. R1e2 Rc1+ 33. Kg2 g5 34. Rf3 g4 35. Rf5 Rh8 36. Nxe5 fxe5 37. Rf6+ Kc5 38. Rc6+ 1-0

[Event "Ruhrgebiet Verbandsliga1 1213"]
[Site "Nordrheinwestfalen"]
[Date "2012.11.18"]
[Round "4.8"]
[White "Hoppe, Dirk"]
[Black "Fork, Raphael"]
[Result "0-1"]
[WhiteElo "1853"]
[BlackElo "1888"]
[PlyCount "102"]
[EventDate "2012.09.02"]
[EventType "team-tourn"]
[EventRounds "9"]
[EventCountry "GER"]
[SourceTitle "EXT 2020"]
[Source "ChessBase"]
[SourceDate "2019.10.17"]
[SourceVersion "1"]
[SourceVersionDate "2019.10.17"]
[SourceQuality "1"]
[WhiteTeam "Eichlinghofen SV"]
[BlackTeam "Dortmund FS 98"]
[WhiteTeamCountry "GER"]
[BlackTeamCountry "GER"]

1. e4 c5 2. Nc3 Nc6 3. g3 g6 4. Bg2 Bg7 5. d3 d6 6. Nge2 e6 7. Rb1 Nge7 8. 0-0 0-0 9. Be3 Nd4 10. a3 a5 11. Qd2 a4 12. Kh1 Bd7 13. f4 Bc6 14. g4 f5 15. gxf5 exf5 16. Ng3 Qd7 17. Rfe1 Kh8 18. Nd5 Nxd5 19. exd5 Bb5 20. Bxd4 Bxd4 21. c3 Bg7 22. Re6 Qc7 23. Rbe1 Bd7 24. Re7 Bf6 25. R7e3 b5 26. Ne2 Rab8 27. d4 b4 28. dxc5 bxc3 29. Rxc3 Bxc3 30. Qxc3+ Kg8 31. c6 Bc8 32. Nd4 Qb6 33. Ne6 Bxe6 34. dxe6 Qxb2 35. Qc4 Qb3 36. Bd5 Qxc4 37. Bxc4 Kg7 38. Ba6 Rb6 39. Bb7 Re8 40. Rd1 Kf6 41. Rxd6 Ke7 42. Rd1 h6 43. Kg1 g5 44. Rd4 Kxe6 45. fxg5 hxg5 46. Rxa4 Rb2 47. Rc4 Kd6 48. Rc1 Kc7 49. Ba6 Rh8 50. Bd3 Rbxh2 51. Rc3 R2h3 0-1

[Event "Ruhrgebiet VK1 1112"]
[Site "Nordrheinwestfalen"]
[Date "2012.04.22"]
[Round "9.8"]
[White "Klamet, Walter"]
[Black "Fork, Raphael"]
[Result "0-1"]
[WhiteElo "1697"]
[BlackElo "1924"]
[PlyCount "36"]
[EventDate "2012.09.18"]
[EventType "team-tourn"]
[EventRounds "9"]
[EventCountry "GER"]
[SourceTitle "EXT 2020"]
[Source "ChessBase"]
[SourceDate "2019.10.17"]
[SourceVersion "1"]
[SourceVersionDate "2019.10.17"]
[SourceQuality "1"]
[WhiteTeam "Oberhausen SW"]
[BlackTeam "Dortmund FS 98"]
[WhiteTeamCountry "GER"]
[BlackTeamCountry "GER"]

1. c4 g6 2. Nc3 Bg7 3. d4 d6 4. Nf3 Nf6 5. g3 0-0 6. Bg2 Nbd7 7. 0-0 c5 8. dxc5 Nxc5 9. Bg5 Rb8 10. Qc1 Be6 11. Nd2 Qd7 12. Bxf6 Bxf6 13. Nce4 Nxe4 14. Bxe4 Rfc8 15. Rd1 b5 16. Bd3 bxc4 17. Bc2 Bxb2 18. Qb1 Ba3 0-1

[Event "Ruhrgebiet VK1 1112"]
[Site "Nordrheinwestfalen"]
[Date "2011.10.09"]
[Round "2.7"]
[White "Fork, Raphael"]
[Black "Mittelbachert, Ulrich"]
[Result "1/2-1/2"]
[WhiteElo "1924"]
[BlackElo "1862"]
[PlyCount "137"]
[EventDate "2012.09.18"]
[EventType "team-tourn"]
[EventRounds "9"]
[EventCountry "GER"]
[SourceTitle "EXT 2020"]
[Source "ChessBase"]
[SourceDate "2019.10.17"]
[SourceVersion "1"]
[SourceVersionDate "2019.10.17"]
[SourceQuality "1"]
[WhiteTeam "Dortmund FS 98"]
[BlackTeam "Castrop Rauxel"]
[WhiteTeamCountry "GER"]
[BlackTeamCountry "GER"]

1. c4 d6 2. g3 g6 3. Nc3 Bg7 4. Bg2 e5 5. e3 Nc6 6. Nge2 f5 7. d3 Nf6 8. Bd2 0-0 9. Nd5 a5 10. 0-0 Ne7 11. Qc2 c6 12. Nxf6+ Bxf6 13. Rac1 Bd7 14. c5 d5 15. d4 e4 16. Qb3 Qc7 17. Rc3 Kh8 18. Rb1 Ra6 19. Qa4 Rfa8 20. Ra3 g5 21. Nc1 Ng6 22. Bf1 R6a7 23. b4 b5 24. cxb6 Qxb6 25. Rbb3 axb4 26. Qxb4 Qc7 27. Rxa7 Rxa7 28. Qb8+ Qxb8 29. Rxb8+ Kg7 30. Be2 Be7 31. Bb4 Kf7 32. Kf1 f4 33. Bh5 f3 34. Bxg6+ hxg6 35. Bxe7 Kxe7 36. Rb2 Bc8 37. Nb3 Ba6+ 38. Ke1 Bc4 39. Nc5 Bb5 40. a4 Bc4 41. Rb7+ Rxb7 42. Nxb7 Ba6 43. Nc5 Bc8 44. Kd2 Kd8 45. Kc3 Kc7 46. Kb4 Kb6 47. Nb3 Ba6 48. a5+ Kc7 49. Kc5 Bc4 50. Kb4 Ba6 51. Nc5 Bc8 52. Na4 Kd6 53. Nc5 Kc7 54. Ka4 Bh3 55. Kb4 Bc8 56. h4 g4 57. Na4 Kd6 58. Nc3 Ba6 59. Na4 Be2 60. Nc3 Ba6 61. Na4 Bc8 62. Nc5 Kc7 63. Ka4 Bf5 64. Kb4 Bc8 65. Na4 Kd6 66. Nb6 Ba6 67. Kc3 Bb7 68. Kb4 Ba6 69. Na4 1/2-1/2

[Event "Ruhrgebiet Verbandsliga2 1011"]
[Site "Nordrheinwestfalen"]
[Date "2011.02.20"]
[Round "7.4"]
[White "Fork, Raphael"]
[Black "Schneider, Markus"]
[Result "0-1"]
[WhiteElo "1941"]
[BlackElo "1922"]
[PlyCount "80"]
[EventDate "2010.09.12"]
[EventType "team-tourn"]
[EventRounds "9"]
[EventCountry "GER"]
[SourceTitle "EXT 2020"]
[Source "ChessBase"]
[SourceDate "2019.10.17"]
[SourceVersion "1"]
[SourceVersionDate "2019.10.17"]
[SourceQuality "1"]
[WhiteTeam "Dortmund FS 98"]
[BlackTeam "Mengede SG"]
[WhiteTeamCountry "GER"]
[BlackTeamCountry "GER"]

1. c4 Nf6 2. Nc3 g6 3. e4 d6 4. d4 Bg7 5. Nf3 0-0 6. h3 Na6 7. Bg5 c5 8. d5 Qa5 9. Nd2 Bd7 10. Be2 e6 11. Bg4 Rae8 12. 0-0 Nxg4 13. hxg4 Nc7 14. Bf4 e5 15. Be3 b5 16. f3 Qa6 17. b3 Rb8 18. Kh2 bxc4 19. bxc4 Rb4 20. Rh1 Rfb8 21. Qe1 Qa3 22. Rc1 h6 23. g5 h5 24. Qh4 Ne8 25. g4 hxg4 26. fxg4 Rb2 27. Kg3 Ba4 28. Qh7+ Kf8 29. Rhf1 R8b7 30. Qxg6 Bc2 31. Nb3 Bxb3 32. axb3 R2xb3 33. Bd2 Qb2 34. Rb1 Qxb1 35. Qf5 Qd3+ 36. Rf3 Qxd2 37. Nb5 Rxf3+ 38. Qxf3 Rxb5 39. g6 Qf4+ 40. Kh4 Qxf3 0-1

[Event "Ruhrgebiet Verbandsliga2 1011"]
[Site "Nordrheinwestfalen"]
[Date "2011.02.06"]
[Round "6.4"]
[White "Schaller, Torsten"]
[Black "Fork, Raphael"]
[Result "1-0"]
[WhiteElo "1993"]
[BlackElo "1941"]
[PlyCount "98"]
[EventDate "2010.09.12"]
[EventType "team-tourn"]
[EventRounds "9"]
[EventCountry "GER"]
[SourceTitle "EXT 2020"]
[Source "ChessBase"]
[SourceDate "2019.10.17"]
[SourceVersion "1"]
[SourceVersionDate "2019.10.17"]
[SourceQuality "1"]
[WhiteTeam "Welper SV"]
[BlackTeam "Dortmund FS 98"]
[WhiteTeamCountry "GER"]
[BlackTeamCountry "GER"]

1. e4 g6 2. d4 Bg7 3. Nc3 d6 4. f4 e6 5. Nf3 Ne7 6. Bd3 Nd7 7. 0-0 0-0 8. Be3 b6 9. Qd2 Bb7 10. f5 e5 11. fxg6 Nxg6 12. d5 Qe7 13. Ne2 Nc5 14. Ng3 Bc8 15. Nh5 Bh8 16. Bh6 Re8 17. h3 Nxd3 18. cxd3 f5 19. exf5 Bxf5 20. g4 Bd7 21. Bg5 Qf8 22. Nxe5 Bxe5 23. Rxf8+ Rxf8 24. Rf1 Rxf1+ 25. Kxf1 Rf8+ 26. Kg2 Be8 27. d4 Bh8 28. Qe3 Bf7 29. Kg3 Bxd5 30. Nf4 Nxf4 31. Bxf4 Kf7 32. Qd3 Kg8 33. b3 a5 34. Qb5 Be6 35. Qe2 Re8 36. Qb5 Re7 37. Bg5 Bd7 38. Qd5+ Rf7 39. Bh6 Bg7 40. Qg5 Kf8 41. Bxg7+ Rxg7 42. Qd8+ Be8 43. h4 Rd7 44. Qf6+ Kg8 45. h5 Rf7 46. Qd8 Kf8 47. Qg5 Rg7 48. Qf6+ Kg8 49. Kh4 Rf7 1-0

[Event "Ruhrgebiet Verbandsliga2 1011"]
[Site "Nordrheinwestfalen"]
[Date "2010.10.24"]
[Round "2.3"]
[White "Fork, Raphael"]
[Black "Limbourg, Philipp"]
[Result "1/2-1/2"]
[WhiteElo "1941"]
[BlackElo "2089"]
[PlyCount "70"]
[EventDate "2010.09.12"]
[EventType "team-tourn"]
[EventRounds "9"]
[EventCountry "GER"]
[SourceTitle "EXT 2020"]
[Source "ChessBase"]
[SourceDate "2019.10.17"]
[SourceVersion "1"]
[SourceVersionDate "2019.10.17"]
[SourceQuality "1"]
[WhiteTeam "Dortmund FS 98"]
[BlackTeam "Muelheim Nord III"]
[WhiteTeamCountry "GER"]
[BlackTeamCountry "GER"]

1. e4 c5 2. c4 Nc6 3. Nc3 g6 4. g3 Bg7 5. Bg2 d6 6. d3 b6 7. Be3 Bb7 8. Qd2 Qd7 9. Nge2 Nd4 10. 0-0 e6 11. Rab1 Ne7 12. b4 0-0 13. Bf4 cxb4 14. Rxb4 Nec6 15. Rbb1 Rac8 16. Nb5 Nxe2+ 17. Qxe2 Nd4 18. Qe3 Nxb5 19. Rxb5 Rfe8 20. Bh6 Bxh6 21. Qxh6 Rc5 22. Rfb1 Rec8 23. h4 Ba6 24. R5b4 Qe7 25. Ra4 Ra5 26. Rxa5 bxa5 27. Qd2 Qd8 28. Bf3 h5 29. Qg5 Qxg5 30. hxg5 Kf8 31. Bg2 Ke7 32. Kf1 Kd8 33. Ke2 Kc7 34. Ke3 Rh8 35. Kd4 Rd8 1/2-1/2

[Event "Ruhrgebiet Verbandsliga2 1011"]
[Site "Nordrheinwestfalen"]
[Date "2010.09.12"]
[Round "1.3"]
[White "Fork, Raphael"]
[Black "Watzlawek, Markus"]
[Result "0-1"]
[WhiteElo "1941"]
[BlackElo "2027"]
[PlyCount "44"]
[EventDate "2010.09.12"]
[EventType "team-tourn"]
[EventRounds "9"]
[EventCountry "GER"]
[SourceTitle "EXT 2020"]
[Source "ChessBase"]
[SourceDate "2019.10.17"]
[SourceVersion "1"]
[SourceVersionDate "2019.10.17"]
[SourceQuality "1"]
[WhiteTeam "Dortmund FS 98"]
[BlackTeam "Eichlinghofen SV"]
[WhiteTeamCountry "GER"]
[BlackTeamCountry "GER"]

1. e4 c5 2. b3 d6 3. Bb2 Nf6 4. Bb5+ Bd7 5. Bxd7+ Qxd7 6. d3 Nc6 7. Ne2 d5 8. f3 dxe4 9. fxe4 Ng4 10. Qd2 Nd4 11. Nxd4 cxd4 12. 0-0 g6 13. c4 Bh6 14. Qe2 Be3+ 15. Kh1 f5 16. exf5 gxf5 17. Rf3 Qc7 18. g3 Qc6 19. Qg2 Nf2+ 20. Kg1 Nd1+ 21. Rxe3 Qxg2+ 22. Kxg2 Nxe3+ 0-1

[Event "Ruhrgebiet VL2 0910"]
[Site "Germany"]
[Date "2010.03.21"]
[Round "8.8"]
[White "Fork, Raphael"]
[Black "Huestegge, Ulrich"]
[Result "1-0"]
[WhiteElo "1928"]
[BlackElo "1763"]
[PlyCount "85"]
[EventDate "2009.09.06"]
[EventType "team-tourn"]
[EventRounds "9"]
[EventCountry "GER"]
[SourceTitle "EXT 2011"]
[Source "ChessBase"]
[SourceDate "2010.11.26"]
[SourceVersion "1"]
[SourceVersionDate "2010.11.26"]
[SourceQuality "1"]
[WhiteTeam "Dortmund FS 98"]
[BlackTeam "Bottrop"]
[WhiteTeamCountry "GER"]
[BlackTeamCountry "GER"]

1. e4 d6 2. d4 Nf6 3. Nc3 Nc6 4. f3 e5 5. Nge2 Be7 6. Be3 0-0 7. Qd2 a6 8. g4 exd4 9. Nxd4 Ne5 10. Be2 b5 11. Nf5 Be6 12. b3 c5 13. 0-0-0 Bxf5 14. gxf5 c4 15. Rhg1 Qa5 16. Nd5 Qa3+ 17. Kb1 Nxd5 18. Qxd5 Rac8 19. f6 Bxf6 20. Qxd6 Qxd6 21. Rxd6 Rc6 22. Rxc6 Nxc6 23. bxc4 bxc4 24. Bxc4 Rb8+ 25. Kc1 a5 26. Rd1 a4 27. f4 Bb2+ 28. Kd2 Nb4 29. Rb1 Rd8+ 30. Ke2 a3 31. Rd1 Rc8 32. Rd7 Kf8 33. Bb3 Nxc2 34. Rxf7+ Ke8 35. Rb7 Nxe3 36. Kxe3 Rc3+ 37. Kf2 Rd3 38. e5 g5 39. e6 Bd4+ 40. Kg2 Bf6 41. fxg5 Bxg5 42. Rxh7 Be3 43. Ba4+ 1-0

[Event "Ruhrgebiet VL2 0910"]
[Site "Germany"]
[Date "2010.02.21"]
[Round "7.7"]
[White "Fork, Raphael"]
[Black "Vierbuchen, Joachim"]
[Result "1-0"]
[WhiteElo "1928"]
[BlackElo "1860"]
[PlyCount "78"]
[EventDate "2009.09.06"]
[EventType "team-tourn"]
[EventRounds "9"]
[EventCountry "GER"]
[SourceTitle "EXT 2011"]
[Source "ChessBase"]
[SourceDate "2010.11.26"]
[SourceVersion "1"]
[SourceVersionDate "2010.11.26"]
[SourceQuality "1"]
[WhiteTeam "Dortmund FS 98"]
[BlackTeam "Hamm SVg"]
[WhiteTeamCountry "GER"]
[BlackTeamCountry "GER"]

1. e4 c5 2. Nf3 Nc6 3. Bb5 e6 4. Bxc6 bxc6 5. 0-0 d5 6. d3 Nf6 7. Nbd2 Be7 8. b3 0-0 9. Bb2 a5 10. a4 Ba6 11. Qe2 Ne8 12. Ne5 Qc7 13. Ng4 d4 14. f4 f6 15. g3 Bc8 16. Rae1 Nd6 17. Ba3 Nf7 18. Kg2 Kh8 19. Nf2 Rg8 20. Nf3 g6 21. Nd1 Rg7 22. Bc1 Ba6 23. Bd2 Bd8 24. Rf2 Be7 25. Ref1 Nh6 26. Kh1 Ng8 27. Qe1 Bd8 28. Nb2 Bc8 29. Nc4 Nh6 30. h3 Nf7 31. g4 Nd6 32. Nxd6 Qxd6 33. Bc1 f5 34. Nd2 Bh4 35. Nc4 Qd8 36. Qe2 Bxf2 37. Qxf2 Ba6 38. Ne5 fxe4 39. dxe4 Bxf1 1-0

[Event "Ruhrgebiet VL2 0405"]
[Site "Ruhrgebiet"]
[Date "2004.09.12"]
[Round "1.6"]
[White "Fork, Raphael"]
[Black "Leveikina, Jevgenija"]
[Result "1/2-1/2"]
[WhiteElo "1939"]
[BlackElo "1826"]
[PlyCount "69"]
[EventDate "2004.09.12"]
[EventType "team"]
[EventRounds "9"]
[EventCountry "GER"]
[SourceTitle "EXT 2006"]
[Source "ChessBase"]
[SourceDate "2005.11.24"]
[SourceVersion "1"]
[SourceVersionDate "2005.11.24"]
[SourceQuality "1"]
[WhiteTeam "Dortmund FS 98"]
[BlackTeam "Altstadt RE"]
[WhiteTeamCountry "GER"]
[BlackTeamCountry "GER"]

1. e4 e5 2. Bc4 Nc6 3. d3 Bc5 4. c3 Nf6 5. b4 Bb6 6. Qe2 d5 7. exd5 Nxd5 8. b5 Nce7 9. Qxe5 0-0 10. Nf3 c6 11. bxc6 bxc6 12. 0-0 Ng6 13. Qg5 Qc7 14. Bxd5 cxd5 15. Be3 Be6 16. Nd4 Bxd4 17. Bxd4 h6 18. Qd2 Bf5 19. Re1 Rfe8 20. Na3 Qa5 21. Nc2 Qb5 22. Rxe8+ Rxe8 23. Ne1 a6 24. f3 Ne7 25. Kf2 Nc6 26. Be3 Ne5 27. a4 Nxd3+ 28. Nxd3 Qxd3 29. Qxd3 Bxd3 30. a5 Rb8 31. Bb6 Re8 32. Be3 Rb8 33. Bb6 Re8 34. Be3 Rb8 35. Bb6 1/2-1/2

[Event "Ruhrgebiet VL1 0304"]
[Site "Ruhrgebiet"]
[Date "2004.02.29"]
[Round "7.8"]
[White "Leimkuehler, Dirk"]
[Black "Fork, Raphael"]
[Result "0-1"]
[WhiteElo "1876"]
[BlackElo "1858"]
[PlyCount "140"]
[EventDate "2003.09.28"]
[EventType "team"]
[EventRounds "9"]
[EventCountry "GER"]
[SourceTitle "EXT 2007"]
[Source "ChessBase"]
[SourceDate "2006.11.23"]
[SourceVersion "1"]
[SourceVersionDate "2006.11.23"]
[SourceQuality "1"]
[WhiteTeam "Welper SV"]
[BlackTeam "Dortmund FS 98"]
[WhiteTeamCountry "GER"]
[BlackTeamCountry "GER"]

1. e4 c5 2. Nc3 Nc6 3. g3 g6 4. Bg2 Bg7 5. Nge2 e6 6. d3 Nge7 7. Be3 d6 8. Qd2 h5 9. f4 Qa5 10. 0-0 Nd4 11. Nc1 Qb4 12. Nb3 a5 13. a3 Nxb3 14. axb4 Nxd2 15. Bxd2 cxb4 16. Nb5 0-0 17. Bxb4 Nc6 18. Bxd6 Rd8 19. e5 Bf8 20. Bc7 Bc5+ 21. Kh1 Rd7 22. Bd6 Bxd6 23. Nxd6 Nb4 24. d4 Rc7 25. c3 Nc2 26. Ne8 Re7 27. Nf6+ Kf8 28. Ra2 Ne3 29. Rfa1 Nxg2 30. Kxg2 b6 31. b4 Rea7 32. Kf2 Ke7 33. Ke3 Ba6 34. Ne4 Bc4 35. Ra3 a4 36. Nd6 b5 37. h3 f5 38. Rg1 Rg8 39. g4 Kf8 40. Nxc4 bxc4 41. d5 exd5 42. Kd4 fxg4 43. hxg4 h4 44. Kxd5 h3 45. Rh1 Rh8 46. Kxc4 h2 47. Kb5 Rhh7 48. c4 Rab7+ 49. Kc5 Rhc7+ 50. Kd5 Rxb4 51. Rxh2 Rcxc4 52. Rd3 Rxf4 53. g5 Ke7 54. Rh7+ Rf7 55. Rxf7+ Kxf7 56. Rf3+ Ke7 57. Rf6 Rb5+ 58. Kd4 Ra5 59. Rf1 a3 60. Ke4 a2 61. Ra1 Ke6 62. Kf4 Ra4+ 63. Kg3 Kxe5 64. Re1+ Kf5 65. Rf1+ Kxg5 66. Ra1 Kf5 67. Kf3 g5 68. Kg3 Ra3+ 69. Kg2 Ke4 70. Kf2 Kd3 0-1